000 00992nam a2200241 i 4500
001 175317
003 ES-MaACL
005 20250806062551.0
007 t|
008 101021s1966 sp ||||1| spa d
080 _a338.439(460.27 M.)"17"
100 1 _aPalacio Atard, Vicente,
_d1920-2013
_988374
245 1 0 _aAlimentación y abastecimiento de Madrid en la segunda mitad del siglo XVIII /
_cpor Vicente Palacio Atard.
260 _aMadrid :
_bAyuntamiento de Madrid, Delegación de Educación :
_bInstituto de Estudios Madrileños,
_c1966.
300 _a33 , [2] p. ;
_c22 cm.
490 1 _aAula de cultura. Curso sobre historia de Madrid ;
_v10
650 0 4 _aAlimentación-
_zMadrid-
_yS.XVIII.
_99727
710 1 _aMadrid.
_bAyuntamiento.
_bDelegación de Educación.
_9143647
710 2 _aInstituto de Estudios Madrileños
_94916
830 0 _aAula de cultura. Curso sobre historia de Madrid ;
_v10
_9189644
852 _aES-MaACL
_j2260-F-9
_xOlim P-56
999 _c175317
_d175317